Delay and disruption - constructive acceleration claims (Record no. 72982)
[ view plain ]
| 000 -LEADER | |
|---|---|
| fixed length control field | 01586cam a2200265 4500 |
| 001 - CONTROL NUMBER | |
| control field | ABS66802 |
| 008 - FIXED-LENGTH DATA ELEMENTS--GENERAL INFORMATION | |
| fixed length control field | 030702n2003 000 0 eng u |
| 035 ## - SYSTEM CONTROL NUMBER | |
| System control number | (Sirsi) u122863 |
| 100 ## - MAIN ENTRY--PERSONAL NAME | |
| Personal name | Atkinson, D. |
| 245 ## - TITLE STATEMENT | |
| Title | Delay and disruption - constructive acceleration claims |
| 260 ## - PUBLICATION, DISTRIBUTION, ETC. | |
| Date of publication, distribution, etc. | 2003 |
| 490 ## - SERIES STATEMENT | |
| Series statement | Cost Engineer |
| Volume/sequential designation | 41(3) May 2003, 8-10(3) |
| 520 ## - SUMMARY, ETC. | |
| Summary, etc. | Second in a series of articles on delay and disruption. Examines the use of constructive acceleration claims by contractors to try and recover costs incurred due to the uncertainty created by the architect/engineer's failure to grant extensions of time. Accepted in the US courts, such claims have little authority in English law and consequently faces significant legal difficulties. Concludes that, unless it can be established that an instruction to accelerate was given or the constructor was being pressed to keep to the scheduled date irrespective of any possible entitlement to extension of time, a claim for disruption costs would still be possible (See Abs66572 for first article). |
| 590 ## - LOCAL NOTE (RLIN) | |
| Local note | ABS |
| 650 ## - SUBJECT ADDED ENTRY--TOPICAL TERM | |
| Topical term or geographic name entry element | BUILDING CONTRACTORS |
| 650 ## - SUBJECT ADDED ENTRY--TOPICAL TERM | |
| Topical term or geographic name entry element | CONSTRUCTIVE ACCELERATION |
| 650 ## - SUBJECT ADDED ENTRY--TOPICAL TERM | |
| Topical term or geographic name entry element | EXTENSION OF TIME |
| 650 ## - SUBJECT ADDED ENTRY--TOPICAL TERM | |
| Topical term or geographic name entry element | DELAY |
| 650 ## - SUBJECT ADDED ENTRY--TOPICAL TERM | |
| Topical term or geographic name entry element | DISRUPTION CLAIMS |
| 650 ## - SUBJECT ADDED ENTRY--TOPICAL TERM | |
| Topical term or geographic name entry element | ASCON CONTRACTING LTD V ALFRED MCALPINE CONSTRUCTION (ISLE OF MAN) |
| 650 ## - SUBJECT ADDED ENTRY--TOPICAL TERM | |
| Topical term or geographic name entry element | LUBENHAM FIDELITIES AND INVESTMENT CO LTD V SOUTH PEMBROKESHIRE DC |
| 650 ## - SUBJECT ADDED ENTRY--TOPICAL TERM | |
| Topical term or geographic name entry element | PERINI CORPORATION V COMMONWEALTH OF AUSTRALIA |
| 690 ## - LOCAL SUBJECT ADDED ENTRY--TOPICAL TERM (OCLC, RLIN) | |
| Topical term or geographic name as entry element | MANGEMENT-DISPUTE AVOIDANCE, MANAGEMENT AND RESOLUTION-DISPUTE MANAGEMENT AND RESOLUTION |
| 942 ## - ADDED ENTRY ELEMENTS (KOHA) | |
| Suppress in OPAC | 0 |
| Withdrawn status | Lost status | Source of classification or shelving scheme | Damaged status | Not for loan | Home library | Current library | Shelving location | Date acquired | Total Checkouts | Full call number | Barcode | Date last seen | Copy number | Price effective from | Koha item type |
|---|---|---|---|---|---|---|---|---|---|---|---|---|---|---|---|
| Dewey Decimal Classification | London | London | Journal article | 02/07/2003 | ABS66802 | 122863-1001 | 06/08/2019 | 1 | 06/08/2019 | Journal article |